000 005300000a22001810004500
003 MACL
005 20160527125933.0
008 160527b xxu||||| |||| 00| 0 eng d
040 _aMACL
_cMACL
041 _aHindi
082 _a891.433
100 _aनीलकांत
_952121
245 _aएक बीघा खेत
_cनीलकांत
260 _bसाहित्‍य भण्‍डार
_c1992
_aइलाहाबाद
350 _a50
650 _aNovel
_960119
942 _cHIN
_k891.433/NEE/N
_2ddc
999 _c20734
_d20734